| 000 | 00690nam a22001577a 4500 | ||
|---|---|---|---|
| 003 | OSt | ||
| 005 | 20150911143028.0 | ||
| 008 | 150911b xxu||||| |||| 00| 0 eng d | ||
| 040 | _cRUA | ||
| 082 | _aAGR ឆៃ 1995 B014 Or.1 | ||
| 100 |
_9288 _aឆៃ សេង |
||
| 245 | _aវាយតំលៃប្រសិទិ្ធភាពនៃការប្រើប្រាស់ថ្នាំពុលនិងវិធានការណ៍ដ៏ទៃទៀតលើដំណាំបន្លែដែលអនុវត្ដដោយកសិករនៅខេត្ដកំពង់ស្ពឺ | ||
| 260 |
_aPhnom Penh _bRUA _c1995 |
||
| 300 |
_a100p. _bill. _c29cm. |
||
| 942 |
_2ddc _cAGR |
||
| 999 |
_c267 _d267 |
||